000 00485nam a2200169 4500
001 148039
003 ES-MaACL
007 t|
008 070214s1907 gw r ||||1| ger d
100 1 _aStieler, Adolf.
_9108209
245 1 0 _aStielers Hand-Atlas.
250 _a9, von grund auf neubearbeitete und neugestochene, auflage.
260 _aGotha :
_bJustus Perthes,
_c1907.
300 _a238 p. ;
_c40 x 25 cm.
710 2 _aJustus Perthes (Firma)
_95427
852 _aES-MaACL
_jB-1420
999 _c148039
_d148039